| 000 | 01218nam a22003497a 4500 | ||
|---|---|---|---|
| 003 | CHAP | ||
| 005 | 20220329140718.0 | ||
| 008 | 971013s1987 r 00010 d | ||
| 010 | _a56393 | ||
| 011 | _a57365 | ||
| 035 | _a61520 | ||
| 040 | _cCHAP | ||
| 090 | _aFolleto 11245 | ||
| 100 | 0 | 0 |
_aZepeda Bautista, Ernesto Marcelo. _9123915 |
| 245 | 1 | _aGuía de densidad para Pinus hartasegu Lindl., Zoquiapan, México | |
| 260 |
_aChapingo, Méx. : _bUACH. División de Ciencias Forestales, _c1987 |
||
| 300 | _a52 p. | ||
| 500 | _ac.5 en bodega | ||
| 590 |
_aBATCH-UPD _b10 _c20130110 _lUCH01 _h0151 |
||
| 590 |
_aBATCH-UPD _b10 _c20130110 _lUCH01 _h1748 |
||
| 590 |
_aBATCH-UPD _b10 _c20130914 _lUCH01 _h1848 |
||
| 590 |
_aCONVERSION _b10 _c20130109 _lUCH01 _h1330 |
||
| 650 | 1 | 4 |
_aÁrboles _xEspaciamiento. _96598 |
| 650 | 1 | 4 |
_aPinus hartwegii. _988340 |
| 700 | 0 |
_aVillarreal Dosal, Martha. _9119585 |
|
| 901 | _aBK | ||
| 942 | _cFOLL | ||
| 949 |
_aFolleto 11245 _bBC _cFOLL _d-132131 _eTS1 _i61520 _mD _si |
||
| 949 |
_aFolleto 11245 _bBC _cFOLL _d-132132 _eTS2 _fc.2 _i61520 _mD _si |
||
| 949 |
_aFolleto 11245 _bBC _cFOLL _d-132134 _eTS2 _fc.3 _i61520 _mD _si |
||
| 949 |
_aFolleto 11245 _bBC _cUACH _d-132135 _eUACH _fc.4 _i61520 _mD _si |
||
| 999 |
_c56393 _d56393 |
||